| 000 | 00401nam a22001577a 4500 | ||
|---|---|---|---|
| 020 | _a97870070634350 | ||
| 040 | _cNUST | ||
| 082 |
_a629.2872 _bCRO |
||
| 100 |
_aAnglin , Donald L _944411 |
||
| 110 |
_aCrouse ,William H _9123735 |
||
| 245 | _aAutomotive Mechanics | ||
| 250 | _aTenth Edition | ||
| 260 |
_aIndia; _bMcGraw Hill , _c2016 |
||
| 650 |
_aAutomotive Mechanics _978291 |
||
| 942 |
_2ddc _cBK |
||
| 999 |
_c609825 _d609825 |
||